000
00319pab a2200145 454500
008
180718b2003 xxu||||| |||| 00| 0 eng d
100
_a
Tamimi, Azzam S.
245
_a
The renaissance of Islam
260
_c
2003
300
_a
p.51-58.
362
_a
Summer
650
_a
Islam
773
_a
Daedalus
909
_a
57712
999
_c
57712
_d
57712